| 000 | 00626nam a2200205Ia 4500 | ||
|---|---|---|---|
| 003 | GCL | ||
| 008 | 140319s9999 xx 000 0 ara d | ||
| 040 |
_aGCL / _cGCL |
||
| 082 | 0 | 4 |
_a822.9 _bو م |
| 100 | 1 | _aسعيد محمد خطاب (مراجعه) | |
| 245 | 1 | 0 |
_aالمسرحية من ابسن الى اليوت / _cسعيد محمد خطاب (مراجعه) |
| 700 | 1 | _aوليمر , ريموند | |
| 700 | 1 | _aفايز اسكندر (مترجم) | |
| 300 | _a446 ص | ||
| 490 | _a | ||
| 650 | 0 | 4 | _aالمسرحيات |
| 650 | 0 | 4 | _aالمسرح الانجليزى |
| 650 | 0 | 4 | _aتاريخ ونقد |
| 942 |
_2ddc _cBK |
||
| 999 |
_c39585 _d39585 |
||